| 000 -LEADER |
| fixed length control field |
01690nam a22002297a 4500 |
| 005 - DATE AND TIME OF LATEST TRANSACTION |
| control field |
20241119151705.0 |
| 008 - FIXED-LENGTH DATA ELEMENTS--GENERAL INFORMATION |
| fixed length control field |
241119b ||||| |||| 00| 0 eng d |
| 020 ## - INTERNATIONAL STANDARD BOOK NUMBER |
| International Standard Book Number |
9780008475994 |
| 040 ## - CATALOGING SOURCE |
| Transcribing agency |
KH8 |
| 082 ## - DEWEY DECIMAL CLASSIFICATION NUMBER |
| Classification number |
FIC RAN |
| 100 ## - MAIN ENTRY--PERSONAL NAME |
| Personal name |
Rangeley, Iona |
| Relator term |
Author |
| 245 ## - TITLE STATEMENT |
| Title |
Einstein the penguin |
| Statement of responsibility, etc. |
Iona Rangeley |
| 260 ## - PUBLICATION, DISTRIBUTION, ETC. |
| Place of publication, distribution, etc. |
London, |
| Name of publisher, distributor, etc. |
Harper Collins, |
| Date of publication, distribution, etc. |
2022 |
| 300 ## - PHYSICAL DESCRIPTION |
| Extent |
235 pages : |
| Other physical details |
illustrations ; |
| Dimensions |
20 cm. |
| 520 ## - SUMMARY, ETC. |
| Summary, etc. |
Perfect for all readers from 7 to 70, Einstein the Penguin introduces an unforgettable new character in a future-classic and fantastically funny debut for all the family to enjoy. Get ready to welcome the most extraordinary penguin into your own home... When the Stewarts spend a sunny, frosty December day at London Zoo, they're enchanted by one small penguin. At the delight of young Imogen and Arthur, Mrs Stewart insists the penguin must come and stay with them whenever he likes. But not one Stewart expects the penguin to turn up at their door that evening, rucksack labelled Einstein on his back... The family's new feathered friend helps Arthur to come out of his shell and makes massive demands on Imogen's amateur sleuthing. But together they must find out why Einstein came to them and they must keep away from the mysterious white-coat man. And Einstein can't stay forever, can he...? From stunning new writing talent Iona Rangeley, and illustrated with wit and brio by the award-winning David Tazzyman, this is a book that will be treasured for years to come<br/> |
| 521 ## - TARGET AUDIENCE NOTE |
| Target audience note |
Children's stories |
| 650 ## - SUBJECT ADDED ENTRY--TOPICAL TERM |
| Topical term or geographic name entry element |
Animal fiction |
| 650 ## - SUBJECT ADDED ENTRY--TOPICAL TERM |
| Topical term or geographic name entry element |
Animals |
| 650 ## - SUBJECT ADDED ENTRY--TOPICAL TERM |
| Topical term or geographic name entry element |
Humorous fiction |
| 700 ## - ADDED ENTRY--PERSONAL NAME |
| Personal name |
Tazzyman, David |
| Relator term |
Illustrator |
| 942 ## - ADDED ENTRY ELEMENTS (KOHA) |
| Source of classification or shelving scheme |
|
| Koha item type |
Books - Fiction |